<?xml version="1.0" encoding="UTF-8"?>
<record
    xmlns:xsi="http://www.w3.org/2001/XMLSchema-instance"
    xsi:schemaLocation="http://www.loc.gov/MARC21/slim http://www.loc.gov/standards/marcxml/schema/MARC21slim.xsd"
    xmlns="http://www.loc.gov/MARC21/slim">

  <leader>01433nam a2200205Ia 4500</leader>
  <controlfield tag="001">b6078-42171 </controlfield>
  <controlfield tag="003">IT-MiCISF</controlfield>
  <controlfield tag="008">161014s9999||||xx |||||||||||||| ||und||</controlfield>
  <datafield tag="040" ind1=" " ind2=" ">
    <subfield code="a">IT-MiCISF</subfield>
    <subfield code="c">IT-MiCISF</subfield>
  </datafield>
  <datafield tag="041" ind1=" " ind2=" ">
    <subfield code="a">it</subfield>
  </datafield>
  <datafield tag="100" ind1=" " ind2=" ">
    <subfield code="a">Levine Mel</subfield>
  </datafield>
  <datafield tag="245" ind1=" " ind2="0">
    <subfield code="a">Preparati, la vita comincia</subfield>
    <subfield code="b">Come aiutare un adolescente a trovare se stesso e a diventare adulto</subfield>
  </datafield>
  <datafield tag="250" ind1=" " ind2=" ">
    <subfield code="a">1a ed.</subfield>
  </datafield>
  <datafield tag="260" ind1=" " ind2=" ">
    <subfield code="a"> Milano</subfield>
    <subfield code="b">Mondadori</subfield>
    <subfield code="c">2006 [Edizione originale: 2005]</subfield>
  </datafield>
  <datafield tag="300" ind1=" " ind2=" ">
    <subfield code="a">pp. 379</subfield>
  </datafield>
  <datafield tag="500" ind1=" " ind2=" ">
    <subfield code="a"> / adolescenza, giovani, educazione, formazione-personalit&#xE0;, lavoro, et&#xE0;-adulta, scuola, operatori, problemi-educazione, problemi-apprendimento / L'A. si rivolge a tutti coloro - ragazzi, genitori, educatori, insegnanti - che del passaggio alla maggiore et&#xE0; sono protagonisti e responsabili, invitandoli a imparare e insegnare opportune strategie per individuare specifiche attitudini professionali, valorizzare i punti di forza, sviluppare la competitivit&#xE0; e l'abilit&#xE0; nelle relazioni e affinare creativit&#xE0;, capacit&#xE0; organizzativa ed efficienza necessarie a fronteggiare la crescente complessit&#xE0; della societ&#xE0; contemporanea.  Intende cos&#xEC; fornire una guida per attraversare con fiducia e consapevolezza questo momento cruciale dell'esistenza, e affrontare con successo ruoli e responsabilit&#xE0; nel mondo lavorativo degli adulti.</subfield>
  </datafield>
  <datafield tag="650" ind1=" " ind2=" ">
    <subfield code="a"> Adolescenti e giovani / educazione</subfield>
    <subfield code="e">009</subfield>
  </datafield>
  <datafield tag="942" ind1=" " ind2=" ">
    <subfield code="c">BK</subfield>
  </datafield>
  <datafield tag="957" ind1=" " ind2=" ">
    <subfield code="7">1</subfield>
  </datafield>
  <datafield tag="999" ind1=" " ind2=" ">
    <subfield code="a">42171</subfield>
    <subfield code="b">si</subfield>
    <subfield code="g">1</subfield>
    <subfield code="c">211000</subfield>
    <subfield code="d">211000</subfield>
  </datafield>
  <datafield tag="952" ind1=" " ind2=" ">
    <subfield code="0">0</subfield>
    <subfield code="1">0</subfield>
    <subfield code="4">0</subfield>
    <subfield code="6">B_607842171</subfield>
    <subfield code="7">1</subfield>
    <subfield code="a">CISF</subfield>
    <subfield code="b">CISF</subfield>
    <subfield code="d">2016-10-14</subfield>
    <subfield code="l">0</subfield>
    <subfield code="o">b6078-42171 </subfield>
    <subfield code="r">2016-10-14 00:00:00</subfield>
    <subfield code="w">2016-10-14</subfield>
    <subfield code="y">BK</subfield>
    <subfield code="z">Data import 15.10.2016 / by Epidotti, Vaglietti</subfield>
  </datafield>
</record>
